000 00451nam a22001937a 4500
003 MPLRDC
005 20220104191157.0
008 210129b ||||| |||| 00| 0 eng d
020 _a978-986-6360-54-1
082 _a972 WXB
100 _a王勋邦
245 _a纸飞机模型
_c
250 _a初版
260 _a台湾
_b教育之友文化
_c2011
300 _b
490 _a纸艺生活: 3
650 _a纸艺
942 _cBK
_o972 WXB
999 _c64127
_d64117